000 00168 a2200085 4500
041 _aspa
100 _aMecd
245 _aNutricion y Alimentacion del Escolar
942 _cBK
999 _c15690
_d15690